Normal view
MARC view
Entry Nombre personal
001 - NÚMERO DE CONTROL
- campo de control: 86782
003 - IDENTIFICADOR DEL NÚMERO DE CONTROL
- campo de control: DO-SdBNP
005 - FECHA Y HORA DE LA ÚLTIMA TRANSACCIÓN
- campo de control: 20241101200108.0
008 - DATOS DE LONGITUD FIJA
- campo de control de longitud fija: 241101|| aca||aabn | a|a d
040 ## - FUENTE DE LA CATALOGACIÓN
- Centro catalogador/agencia de origen: DO-SdBNP
- Centro/agencia transcriptor: DO-SdBNP
100 ## - ENCABEZAMIENTO-NOMBRE DE PERSONA
- Nombre de persona: Ortega y Gasset, José,
- Fechas asociadas al nombre: 1883-1955.
- Título de la obra: Rebelión de las masas
670 ## - FUENTE DE DATOS ENCONTRADOS
- Cita de la fuente: Work cat.: (DO-SdBNP)49660: Jimenes Grullón, Juan Isidro, 37920 1903-1983, Al margen de Ortega y Gasset :, 2019.
